Countries, US States, Capitals, Elements, 100 Most Common Words: Answers ending with answers - Statistics

General Stats
  • This quiz has been taken 291 times
  • The average score is 56 of 90
Answer Stats
Answer % Correct
{A}
98%
{I}
95%
Abuja, Accra, Actinium, Addis Ababa...
91%
{An}
91%
{In}
91%
Afghanistan, Amman, Azerbaijan, Ban...
87%
{On}
87%
Argon, Asunción, Boron, Boston, Cam...
86%
Austin, Bahrain, Benin, Berlin, Dub...
86%
{Be}
86%
Abu Dhabi, Bangui, Brunei, Burundi,...
85%
{And}
85%
{Or}
85%
Finland, Iceland, Ireland, Maryland...
84%
{As}
83%
{At}
83%
{Go}
83%
{No}
83%
She, The
83%
Come, Lomé, Rome, São Tomé, Some, S...
82%
{He}
82%
{Me}
82%
{To}
82%
{We}
82%
Democratic Republic of the Congo, R...
81%
{So}
81%
{Do}
78%
{Us}
77%
{It}
76%
East Timor, Ecuador, El Salvador, F...
75%
Arkansas, Bahamas, Caracas, Hondura...
74%
Ashgabat, Muscat, Rabat, That, What
74%
{One}
74%
Belarus, Columbus, Cyprus, Damascus...
71%
{His}
71%
Lilongwe, Zimbabwe
71%
{Her}
69%
This
68%
{Our}
67%
{Out}
67%
Gaborone, Sierra Leone
66%
{See}
65%
Tallahassee, Tennessee
64%
{By}
63%
Into, Maputo, Quito, Sacramento
63%
{Any}
60%
{Use}
60%
Equatorial Guinea, Papua New Guinea
58%
{Guinea}
58%
Albany, Germany
56%
Democratic Republic of the Congo
55%
{Republic of the Congo}
55%
Also, Burkina Faso
54%
About
53%
South Sudan
53%
{Sudan}
53%
{Tin}
53%
Your
53%
Other
52%
Kuwait
51%
{Now}
50%
{Over}
50%
{Way}
50%
Dover
47%
Dushanbe
47%
{Mexico}
47%
New Mexico
47%
Port Moresby
46%
West Virginia
46%
Austin
45%
Know
45%
{Virginia}
45%
{Spain}
44%
Guinea-Bissau
43%
Norway
43%
{Bissau}
42%
{Kansas}
40%
{Actinium}
39%
San Marino, San Marino
39%
Colorado
37%
Port-of-Spain
37%
Protactinium
37%
Arkansas
35%
{Erbium}
32%
{Terbium}
31%
Terbium, Ytterbium
31%
Ytterbium
31%
Because
29%
Jerusalem
27%
{Salem}
27%
No matching quizzes found
Score Distribution
Percent of People with Each Score
Percentile by Number Answered
Your Score History
You have not taken this quiz